| 000 | 00819cam a2200277 a 4500 | ||
|---|---|---|---|
| 001 | 3962132 | ||
| 003 | OSt | ||
| 005 | 20170206191736.0 | ||
| 008 | 941006s1996 paua b 001 0 eng c | ||
| 010 | _a 94040510 | ||
| 020 | _a0721659446 | ||
| 040 |
_aDNLM/DLC _cDLC _dDLC |
||
| 050 | 0 | 0 |
_aQP34.5 _b.G9 1996 |
| 060 | 0 | 0 | _aQT104 G992t 1996 |
| 082 | 0 | 0 |
_aQT104 G990 1996 _220 |
| 100 | 1 |
_aGuyton, Arthur C.; Hall John E. _91016 |
|
| 245 | 1 | 0 | _aTextbook of Medical Physiology |
| 250 | _a9th ed. | ||
| 260 |
_aPhiladelphia : _bW.B. Saunders, _cc1996. |
||
| 300 |
_axliii, 1148 p. : _bcol.ill: _c29 cm. |
||
| 504 | _aIncludes bibliographical references and index. | ||
| 650 | 0 |
_aHuman physiology. _9133 |
|
| 650 | 1 | 2 |
_aMedical physiology _9215 |
| 906 |
_a7 _bcbc _corignew _d1 _eocip _f19 _gy-gencatlg |
||
| 942 |
_2z _cSLOAN |
||
| 999 |
_c417 _d417 |
||